| 000 | 01393cas a22002535 4500 | ||
|---|---|---|---|
| 001 | L152474 | ||
| 008 | 111108c2011 xxuqr ws s 0 a0eng u | ||
| 035 | _a(Sirsi) u152474 | ||
| 041 | 0 | _aeng | |
| 050 | _a333.33 $2 18 | ||
| 110 | 2 |
_aJones Lang LaSalle _93755 |
|
| 245 | 0 | 0 |
_aUnited States Retail Outlook _h[electronic resource] |
| 260 |
_a[S.l.] _bJones Lang LaSalle _c2011- |
||
| 362 | 0 | _aCurrent issue only | |
| 490 | 0 |
_aJones Lang LaSalle United States Retail Outlook _vQ2 2011- |
|
| 520 | _aThe Retail Outlook provides a comprehensive narrative and statistical analysis of economic, leasing and capital markets trends for the United States with specific emphasis on 8 local markets as well as an outlook on anticipated future conditions. Covers the economic background, the national retail market, US retail market statistics, retail capital markets, the retail property clock, and local retail markets. | ||
| 554 | _aFour per year | ||
| 650 | 2 | 4 | _aJONES LANG LASALLE UNITED STATES RETAIL OUTLOOK |
| 651 | 4 |
_aUnited States _y1959- |
|
| 690 | _aPROPERTY-COMMERCIAL PROPERTY-COMMERCIAL PROPERTY MARKET | ||
| 690 | _aPROPERTY-COMMERCIAL PROPERTY-COMMERCIAL PROPERTY FINANCE AND INVESTMENT | ||
| 856 | 4 | 0 |
_uhttps://www.us.am.joneslanglasalle.com/UnitedStates/EN-US/Pages/retail-research-reports.aspx _zView the report free of charge at www.us.am.joneslanglasalle.com |
| 942 | _n0 | ||
| 999 |
_c119313 _d119313 |
||